000 00680nam a2200217Ii 4500
003 JO-AjNU
008 230605s9999||||xx |||||||||||||| ||und||
017 _a1976/4220
040 _aJO-AjNU
_bara
_erda
_cJO-AjNU
041 _aara
050 1 4 _aBF199.J2.1976
100 3 _aجابر،جابر عبد الحميد,
_eauthor
_913534
245 0 0 _aمدخل لدراسة السلوك الإنساني :مبادئ وتجارب
250 _aط2
264 3 1 _aالقاهرة:دار النهضة العربية ،1976
300 _a278ص
336 _atext
_btxt
_2rdacontent
337 _aunmediated
_bn
_2rdamedia
338 _avolume
_bnc
_2rdacarrier
650 4 _aسلوك
_913535
999 _aA3395
_c6963
_d6963